000 00617 a2200181 4500
999 _c4652
_d4652
010 _aENG-86522
020 _a8183820263
_c175.00
035 _aEN-70055
037 _bDBAD / PUB
082 1 4 _a370.114
100 1 _aJoshi, Dhananjay
245 1 _aValue education in global perspective /
_cby Dhananjay Joshi
260 _aNew Delhi
_bLotus Press
_c2006
270 _a4263/3, Ansari Road, Darya Ganj
_bNew Delhi
_e110 002
_k011-32903912, 011-23290047
_mlotus_press@sify.com
300 _aiv, 195 p.
_c21cm (Pbk)
500 _aincludes bibliographical references
942 _adpl
_cEN
_2ddc
_h370.114
_mJOS